Ensueño y terapia : (Record no. 196008)

MARC details
000 -LEADER
campo de control de longitud fija 01357nam a2200373 i 4500
001 - NÚMERO DE CONTROL
campo de control 196008
003 - IDENTIFICADOR DE NÚMERO DE CONTROL
campo de control ES-MaACL
005 - FECHA Y HORA DE LA ÚLTIMA TRANSACCIÓN
campo de control 20250416063107.0
008 - DATOS DE LONGITUD FIJA--INFORMACIÓN GENERAL
campo de control de longitud fija 240809s2011 sp a | |||| 000 0 spa
017 ## - NÚMERO DE COPYRIGHT O DE DEPÓSITO LEGAL
Número de copyright o de depósito legal SE 8181-2011
Agencia que asigna Oficina Depósito Legal Sevilla
020 ## - NÚMERO INTERNACIONAL ESTÁNDAR DEL LIBRO
Número Internacional Estándar del Libro 9788498427677
035 ## - NÚMERO DE CONTROL DEL SISTEMA
Número de control de sistema (OCoLC)796349250
035 ## - NÚMERO DE CONTROL DEL SISTEMA
Número de control de sistema (SpMaBN)a5142976
035 ## - NÚMERO DE CONTROL DEL SISTEMA
Número de control de sistema 991033253329708606
040 ## - FUENTE DE CATALOGACIÓN
Centro catalogador/agencia de origen SpMaBN
Lengua de catalogación spa
Centro/agencia transcriptor SpMaBN
Normas de descripción rdc
080 ## - NÚMERO DE LA CLASIFICACIÓN DECIMAL UNIVERSAL
Número de la Clasificación Decimal Universal 615.851
100 1# - ENTRADA PRINCIPAL--NOMBRE DE PERSONA
Nombre de persona Massó Cantarero, Francisco,
Fechas asociadas al nombre 1946-
9 (RLIN) 226310
245 10 - MENCIÓN DEL TÍTULO
Título Ensueño y terapia :
Resto del título la imaginación que cura /
Mención de responsabilidad, etc. Francisco Massó Cantarero.
260 ## - PUBLICACIÓN, DISTRIBUCIÓN, ETC.
Lugar de publicación, distribución, etc. Madrid :
Nombre del editor, distribuidor, etc. CCS,
Fecha de publicación, distribución, etc. D.L. 2011
300 ## - DESCRIPCIÓN FÍSICA
Extensión 188 p. :
Otras características físicas il. ;
Dimensiones 24 cm
336 ## - TIPO DE CONTENIDO
Fuente rdacontent
Término de tipo de contenido texto
337 ## - TIPO DE MEDIO
Fuente rdamedia
Nombre/término del tipo de medio sin mediación
338 ## - TIPO DE SOPORTE
Fuente rdacarrier
Nombre/término del tipo de soporte volumen
490 1# - MENCIÓN DE SERIE
Mención de serie Campus ;
Designación de volumen o secuencia 71
504 ## - NOTA DE BIBLIOGRAFÍA, ETC.
Nota de bibliografía, etc. Bibliografía: p. [187]-188
650 #0 - PUNTO DE ACCESO ADICIONAL DE MATERIA--TÉRMINO DE MATERIA
Término de materia o nombre geográfico como elemento de entrada Sueños
Subdivisión general Uso terapéutico
Fuente del encabezamiento o término embne
9 (RLIN) 237972
830 ## - PUNTO DE ACCESO ADICIONAL DE SERIE-TÍTULO UNIFORME
9 (RLIN) 184231
Título uniforme Campus ;
Designación de volumen o secuencia 71
852 ## - LOCALIZACIÓN
Ubicación ES-MaACL
Sublocalización o colección R.153095
Ubicación en estantería Depósito J
Número de control de estantería N-9128
Donativo/Legado Donación: Francisco Massó Cantarero
Encuadernación Encuadernación: rústica
itemnumber 205024
903 ## - NOMBRE PERSONAL DE DONANTE
9 226310
a Massó Cantarero, Francisco,
d 1946-
e Donante
942 ## - ELEMENTOS DE ENTRADA SECUNDARIOS (KOHA)
Tipo de ítem Koha Libro impreso
Suprimir en OPAC No
954 ## - CATALOGADOR -ALTA REGISTRO
Estado de la copia Tatiana Alejandra de Castro Pérez
Holdings
Estatus retirado Estado de pérdida Fuente del sistema de clasificación o colocación Estado de daño No para préstamo Biblioteca de origen Biblioteca actual Ubicación en estantería Fecha de adquisición Fuente de adquisición Total de préstamos Signatura topográfica completa Código de barras Visto por última vez Precio de reemplazo Tipo de ítem Koha
    Clasificación decimal universal     Biblioteca del Ateneo de Madrid Biblioteca del Ateneo de Madrid Depósito J 14/04/2025 Donación   N-9128 101229871 14/04/2025 14/04/2025 Libro impreso